书目信息 |
| 题名: |
从零开始学电动机控制与维修技术
|
|
| 作者: | 刘建清 主编 ;刘为国 , 周娟 , 李雨 编著 | |
| 分册: | ||
| 出版信息: | 北京 国防工业出版社 2007.01 |
|
| 页数: | 235页 | |
| 开本: | 7cm | |
| 丛书名: | 从零开始学电子技术丛书 | |
| 单 册: | ||
| 中图分类: | TM32 | |
| 科图分类: | ||
| 主题词: | 电动机--dian dong ji--控制系统 , 电动机--dian dong ji--维修 | |
| 电子资源: | ||
| ISBN: | 7-118-04812-7 | |
| 000 | 01260nam 2200301 450 | |
| 001 | 012007720824 | |
| 005 | 20070510100046.98 | |
| 010 | @a7-118-04812-7@dCNY25.00 | |
| 100 | @a20070326d2007 km y0chiy0120 ea | |
| 101 | 0 | @achi |
| 102 | @aCN@b110000 | |
| 105 | @aa a 000yy | |
| 200 | 1 | @a从零开始学电动机控制与维修技术@Acong ling kai shi xue dian dong ji kong zhi yu wei xiu ji shu@f刘建清主编@Fliu jian qing zhu bian@g刘为国, 周娟, 李雨编著@Gliu wei guo,zhou juan,li yu bian zhu |
| 210 | @a北京@c国防工业出版社@d2007.01 | |
| 215 | @a235页@c图@d7cm | |
| 225 | 2 | @a从零开始学电子技术丛书@Acong ling kai shi xue dian zi ji shu cong shu |
| 320 | @a有书目 (第235页)。 | |
| 330 | @a本书定位于让初学者从零起步,轻松学会电动机控制及维修技术。 本书首先介绍电动机控制与维修所必须掌握的基础知识,然后重点介绍了各种电动机的结构、原理以及维修技术,并对电动机的基本控制电路及应用进行了系统介绍。 | |
| 410 | 0 | @12001 @a从零开始学电子技术丛书 |
| 606 | 0 | @a电动机@Adian dong ji@x控制系统 |
| 606 | 0 | @a电动机@Adian dong ji@x维修 |
| 690 | @aTM32@v4 | |
| 701 | 0 | @a刘建清@Aliu jian qing@4主编 |
| 702 | 0 | @a刘为国@Aliu wei guo@4编著 |
| 702 | 0 | @a周娟@Azhou juan@4编著 |
| 702 | 0 | @a李雨@Ali yu@4编著 |
| 801 | 0 | @aCN@c20070510 |
| 905 | @a10447@dTM32@eL635 | |
| 从零开始学电动机控制与维修技术/刘建清主编/刘为国, 周娟, 李雨编著.-北京:国防工业出版社,2007.01 |
| 235页:图;7cm.-(从零开始学电子技术丛书) |
| ISBN 7-118-04812-7:CNY25.00 |
| 本书定位于让初学者从零起步,轻松学会电动机控制及维修技术。 本书首先介绍电动机控制与维修所必须掌握的基础知识,然后重点介绍了各种电动机的结构、原理以及维修技术,并对电动机的基本控制电路及应用进行了系统介绍。 |
| ● |
| 相关链接 |
|
|
|
正题名:从零开始学电动机控制与维修技术
索取号:TM32/L635
 
预约/预借
| 序号 | 登录号 | 条形码 | 馆藏地/架位号 | 状态 | 备注 |
| 1 | 238978 | 202389780 | 自科库301/301自科库 11排3列4层/ [索取号:TM32/L635] | 在馆 | |
| 2 | 238979 | 202389799 | 自科库301/301自科库 11排3列4层/ [索取号:TM32/L635] | 在馆 |